Gramática sucinta de la lengua italiana (Record no. 116840)

MARC details
000 -LEADER
campo de control de longitud fija 00732nam a2200217 i 4500
001 - NÚMERO DE CONTROL
campo de control 116840
003 - IDENTIFICADOR DE NÚMERO DE CONTROL
campo de control ES-MaACL
005 - FECHA Y HORA DE LA ÚLTIMA TRANSACCIÓN
campo de control 20230906190758.0
007 - CAMPO FIJO DE DESCRIPCIÓN FÍSICA--INFORMACIÓN GENERAL
campo de control de longitud fija t|
008 - DATOS DE LONGITUD FIJA--INFORMACIÓN GENERAL
campo de control de longitud fija 061121s1927 gw r ||||1| spa d
100 1# - ENTRADA PRINCIPAL--NOMBRE DE PERSONA
Nombre de persona Pavia, Luigi.
9 (RLIN) 89680
245 10 - MENCIÓN DEL TÍTULO
Título Gramática sucinta de la lengua italiana
Resto del título : con ejercicios de versión y trozos de lectura /
Mención de responsabilidad, etc. por Luigi Pavia.
250 ## - MENCION DE EDICION
Mención de edición 7ª ed. rev. y aum.
Resto de la mención de edición por el autor.
260 ## - PUBLICACIÓN, DISTRIBUCIÓN, ETC.
Lugar de publicación, distribución, etc. Heidelberg [etc.] :
Nombre del editor, distribuidor, etc. Julio Groos [etc.],
Fecha de publicación, distribución, etc. 1927.
300 ## - DESCRIPCIÓN FÍSICA
Extensión VIII, 196 p. ;
Dimensiones 19 x 12 cm.
490 1# - MENCIÓN DE SERIE
Mención de serie Método Gaspey-Otto-Sauer
650 04 - PUNTO DE ACCESO ADICIONAL DE MATERIA--TÉRMINO DE MATERIA
Término de materia o nombre geográfico como elemento de entrada Lengua italiana-
Subdivisión general Gramática.
9 (RLIN) 14290
830 0# - PUNTO DE ACCESO ADICIONAL DE SERIE-TÍTULO UNIFORME
Título uniforme Método Gaspey-Otto-Sauer
9 (RLIN) 186385
852 ## - LOCALIZACIÓN
Ubicación ES-MaACL
Número de control de estantería B-7800
Holdings
Estatus retirado Estado de pérdida Estado de daño No para préstamo Biblioteca de origen Biblioteca actual Ubicación en estantería Fecha de adquisición Fuente de adquisición Total de préstamos Signatura topográfica completa Código de barras Visto por última vez Precio de reemplazo Tipo de ítem Koha
        Biblioteca del Ateneo de Madrid Biblioteca del Ateneo de Madrid Sala Pardo Bazán 17/01/2008     B-7800 1121827 23/02/2023 23/02/2023 Libro impreso